Bilecik Bilecik Bilecik Bilecik Bilecik

Zağnos Paşa/ (Record no. 57957)

MARC details
000 -BAŞLIK
Sabit Uzunluktaki Kontrol Alanı 01223nam a22003737a 4500
001 - KONTROL NUMARASI
Control Dosyası 0058152
003 - KONTROL NUMARASI KİMLİĞİ
Kontrol Alanı KOHA_MİRAKIL
005 - EN SON İŞLEM TARİHİ ve ZAMANI
Kontrol Alanı 20260207004145.0
007 - FİZİKSEL TANIM SABİT ALAN - GENEL BİLGİ
Sabit uzunluklu kontrol alanı ta
008 - SABİT UZUNLUKTAKİ VERİ ÖGELERİ - GENEL BİLGİ
Sabit Alan 160530b1994 tu a|||gr||||#0|||0|tur |
040 ## - KATALOGLAMA KAYNAĞI
Özgün Kataloglama Kurumu TR-BiSEU
Kataloglama Dili tur
Çeviri Kurumu TR-BiSEU
Açıklama Kuralları rda
041 0# - DİL KODU
Metin ya da ses kaydının dil kodu tur
044 ## - YAYINLAYAN/ÜRETEN KURULUŞUN ÜLKE KODU
ISO country code tu
050 ## - SINIFLAMA ve YER NUMARASI
Sınıflama Numarası DR498
Yer Numarası .E74 1994
100 1# - KİŞİ ADI
Yazar Adı (Kişi adı) Eren, Muharrem.
245 1# - ESER ADI BİLDİRİMİ
Başlık Zağnos Paşa/
Sorumluluk Bildirimi Muharrem Eren ; Muharrem Eren.
250 ## - BASIM BİLDİRİMİ
Basım Bildirimi İlaveli baskı.
264 #1 - ÜRERİM, YAYIN, DAĞITIM ve TELİF BİLDİRİMİ
Yayın yeri Balıkesir :
Yayınlayan Zağnos Kültür ve Eğitim Vakfı
Yayın tarihi 1994
300 ## - FİZİKSEL TANIMLAMA
Sayfa, Cilt vb. 267 sayfa :
Diğer fiziki detaylar resim, fotoğraf, ;
Boyutları 23 cm.
336 ## - İÇERİK TÜRÜ
Content type term metin
Content type code txt
Source rdacontent
337 ## - MEDYA TÜRÜ
Media type term aracısız
Media type code n
Source rdamedia
338 ## - TAŞIYICI TÜRÜ
Carrier type term cilt
Carrier type code nc
Source rdacarrier
490 0# - DİZİ BİLDİRİMİ
Dizi Bildirimi Zağnos Kültür ve Eğitim Vakfı.
490 0# - DİZİ BİLDİRİMİ
Dizi Bildirimi Araştırma-inceleme dizisi
500 ## - GENEL NOT
Genel Not Kaynakça var.
650 #0 - KONU BAŞLIĞI EK GİRİŞ - KONU TERİMİ
Konusal terim veya coğrafi ad Mehmed Paşa, Zagnos, d.1460.
9 (RLIN) 107687
650 #0 - KONU BAŞLIĞI EK GİRİŞ - KONU TERİMİ
Konusal terim veya coğrafi ad Zağnos Paşa--Biyografi
9 (RLIN) 107688
650 #0 - KONU BAŞLIĞI EK GİRİŞ - KONU TERİMİ
Konusal terim veya coğrafi ad Tarih--Osmanlı İmparatorluğu--Fatih Sultan Mehmed dönemi
9 (RLIN) 107689
650 #0 - KONU BAŞLIĞI EK GİRİŞ - KONU TERİMİ
Konusal terim veya coğrafi ad Generals--Turkey--Biography.
9 (RLIN) 16723
830 0# - SERİ EK GİRİŞİ - TEKBİÇİM ESER ADI
Tekbiçim Başlık Zağnos Kültür ve Eğitim Vakfı.
9 (RLIN) 107690
830 0# - SERİ EK GİRİŞİ - TEKBİÇİM ESER ADI
Tekbiçim Başlık Araştırma-inceleme dizisi
9 (RLIN) 60357
907 ## - LOCAL DATA ELEMENT G, LDG (RLIN)
a Tarih
942 ## - EK GİRİŞ ÖGELERİ (KOHA)
Source of classification or shelving scheme Library of Congress Classification
Koha item type Book
Holdings
Materyal Türü Kalıcı Konum Mevcut Konum Raf Yeri Sınıflandırma Kaynağı Edinim Bilgisi Ana Konular Alt Konular Yer Numarası Demirbaş Numarası Fatura Tarihi Geri Çekilme Durumu Kayıp Durumu Hasarlı Durumu Kredi için değil Kayıt Tarih Toplam Ödünçverme Son Görülme Tarihi Son Kontrol Tarihi Genel / Bağış Notu
Book Prof. Dr. Azmi Özcan Kütüphanesi Prof. Dr. Azmi Özcan Kütüphanesi Uluğbey Salonu Library of Congress Classification Bağış DÜNYA TARİHİ (AVRUPA, ASYA, AFRİKA VB.) Balkan Yarımadası DR498 .E74 1994 0058152 02/02/2026         30/05/2016 1 05/12/2024 05/12/2024 Abdulkerim Abdulkadiroğlu, Akademisyen